Desarrollo de personal técnico-docente v.2 diseño pedagógico.

Guardado en:
Detalles Bibliográficos
Autor corporativo: Centro Interamericano de Investigación y Documentación sobre Formación Profesional (CINTERFOR)
Formato: Libro
Idioma:Español
Temas:
Etiquetas: Agrega una etiqueta
Sin etiquetas, Sé el primero en etiquetar este registro!

MARC

LEADER 00000cam^a2200000uu^4500
001 000457810
005 20250521000000.0
008 050901s1983^^^^^^^^^^^^rd^r^^000^0^spa^d
009 20260310124052.601
035 |a FCE 000000253 
035 |a FCE 000254 
037 |a Acervo ITESO - Biblioteca 
041 |a spa 
082 0 4 |a 371.1  |b CINd v.2 
110 |a Centro Interamericano de Investigación y Documentación sobre Formación Profesional (CINTERFOR) 
245 1 0 |a Desarrollo de personal técnico-docente v.2 diseño pedagógico. 
264 |a Montevideo :  |b CINTERFOR,  |c 1983. 
300 |a 34 p. 
336 |a texto  |b txt  |2 rdacontenido 
337 |a sin mediación  |b n  |2 rdamedio 
338 |a volumen  |b nc  |2 rdasoporte 
649 |a XX 
650 |a Docentes 
650 |a Metodología de la educación 
650 |a Capacitación del docente 
650 |a Personal técnico-docente 
650 |a Pedagogía 
910 |a Fondo Centro de Estudios Educativos 
920 |a Impresos - Libros 
930 |a Fondos Especiales 
905 |a 133 
901 |a ALE000254  |b IT2  |c CEE  |u 20250521 
902 |a https://opac.biblio.iteso.mx/vufind/Record/000457810